[Event "Hamburg-ch Seniors 23rd"]
[Site "Hamburg"]
[Date "2016.11.06"]
[Round "5"]
[White "Mueller, Joerg"]
[Black "Stuhlmann, Alexander"]
[Result "1-0"]
[WhiteElo "2144"]
[BlackElo "1891"]
[PlyCount "83"]
[EventDate "2016.11.02"]
[EventType "swiss"]
[EventRounds "9"]
[EventCountry "GER"]
[SourceTitle "EXT 2019"]
[Source "ChessBase"]
[SourceDate "2018.10.10"]
[SourceVersion "1"]
[SourceVersionDate "2018.10.10"]
[SourceQuality "1"]

1. e4 c5 2. Nf3 Nc6 3. c3 d5 4. e5 Bf5 5. Nh4 Bd7 6. f4 e6 7. Nf3 d4 8. Bd3 g6 9. 0-0 Nge7 10. Be4 Qc7 11. c4 Nb4 12. d3 Bc6 13. Nbd2 Nf5 14. Bxc6+ Nxc6 15. Ne4 0-0-0 16. Qe2 h5 17. Bd2 Be7 18. Rfc1 Kb8 19. b3 Rdf8 20. a3 b6 21. Rab1 Ka8 22. b4 Rb8 23. Rb2 Rb7 24. Rcb1 Rhb8 25. Neg5 Bf8 26. Qe4 Nd8 27. b5 Rc8 28. a4 Be7 29. Ra2 Kb8 30. a5 Qd7 31. Rba1 Kc7 32. g3 Bf8 33. Kg2 Be7 34. Nh7 Nh6 35. h3 Nf5 36. Nf6 Bxf6 37. exf6 Qd6 38. g4 hxg4 39. hxg4 Ne3+ 40. Bxe3 dxe3 41. Qxe3 Kb8 42. Ne5 1-0

[Event "Hamburg-ch Seniors 22nd"]
[Site "Hamburg"]
[Date "2015.11.03"]
[Round "7"]
[White "Ditmas, Hugh"]
[Black "Mueller, Joerg"]
[Result "0-1"]
[WhiteElo "1905"]
[BlackElo "2112"]
[PlyCount "152"]
[EventDate "2015.10.28"]
[EventType "swiss"]
[EventRounds "9"]
[EventCountry "GER"]
[SourceTitle "EXT 2018"]
[Source "ChessBase"]
[SourceDate "2017.10.13"]
[SourceVersion "1"]
[SourceVersionDate "2017.10.13"]
[SourceQuality "1"]

1. d4 Nf6 2. c4 g6 3. Nc3 Bg7 4. e4 d6 5. Be2 0-0 6. Nf3 Nbd7 7. 0-0 e5 8. Be3 Ng4 9. Bg5 f6 10. Bd2 Nh6 11. Qc2 Nf7 12. Rad1 c6 13. d5 cxd5 14. cxd5 a6 15. a4 Bh6 16. Rc1 Bxd2 17. Nxd2 a5 18. Nb5 Nc5 19. Nxd6 Nxd6 20. Qxc5 f5 21. f3 Nf7 22. Nc4 Ra6 23. Nxe5 Nxe5 24. Bxa6 bxa6 25. Qc7 Qf6 26. Qc3 Qb6+ 27. Kh1 Nf7 28. e5 Bb7 29. e6 Bxd5 30. exf7+ Bxf7 31. Rfe1 Rb8 32. Re2 Rd8 33. Rd2 Re8 34. h3 h5 35. Kh2 Qb8+ 36. Qc7 Qb4 37. Rd7 Rf8 38. Qe5 Re8 39. Qf6 Qf4+ 40. Kh1 Qxc1+ 41. Kh2 Qf4+ 42. Kg1 Re1+ 43. Kf2 Qe3+ 44. Kg3 Qe5+ 45. Qxe5 Rxe5 46. Rd6 Re2 47. Rxa6 Rxb2 48. Rxa5 Ra2 49. Ra7 h4+ 50. Kxh4 Rxg2 51. f4 Kg7 52. a5 Kf6 53. Ra6+ Be6 54. Rb6 Ra2 55. a6 Ra3 56. Rc6 Ra4 57. Kg3 Ke7 58. Rb6 Bc8 59. Rxg6 Rxa6 60. Rg7+ Kf6 61. Rc7 Be6 62. Rc3 Rb6 63. Rc7 Rb3+ 64. Kg2 Bd5+ 65. Kh2 Rf3 66. Rc5 Be6 67. Ra5 Rxf4 68. Kg3 Re4 69. Ra8 Kg5 70. Ra7 Re3+ 71. Kg2 Bd5+ 72. Kh2 Kf4 73. Rg7 Re2+ 74. Kg1 Kf3 75. h4 Re1+ 76. Kh2 Kf2 0-1

[Event "Hamburg-ch Seniors 22nd"]
[Site "Hamburg"]
[Date "2015.11.01"]
[Round "6"]
[White "Mueller, Joerg"]
[Black "Duemmke, Juergen"]
[Result "1-0"]
[WhiteElo "2112"]
[BlackElo "1972"]
[PlyCount "79"]
[EventDate "2015.10.28"]
[EventType "swiss"]
[EventRounds "9"]
[EventCountry "GER"]
[SourceTitle "EXT 2018"]
[Source "ChessBase"]
[SourceDate "2017.10.13"]
[SourceVersion "1"]
[SourceVersionDate "2017.10.13"]
[SourceQuality "1"]

1. e4 Nf6 2. d3 e5 3. Nf3 Nc6 4. Be2 d5 5. Nbd2 Be7 6. 0-0 0-0 7. c3 a5 8. Qc2 b6 9. Rd1 Ba6 10. Nf1 Re8 11. Ng3 Bc8 12. h3 h6 13. Nh4 Bf8 14. Nhf5 Ne7 15. Nh4 Be6 16. d4 exd4 17. e5 Ne4 18. Nxe4 dxe4 19. Qxe4 Bd5 20. Qxd4 Qc8 21. Qg4 g5 22. Qg3 Bg7 23. Nf3 Nf5 24. Qg4 Be6 25. Qe4 c6 26. Bd3 Rd8 27. Nd4 Nxd4 28. cxd4 c5 29. Be3 cxd4 30. Bxd4 Rb8 31. b3 Qd7 32. Qe3 Qb7 33. Rac1 Bd5 34. Bf1 Re8 35. f4 gxf4 36. Qxf4 Re6 37. Rc3 Qe7 38. Rg3 Kh8 39. Bd3 Rxe5 40. Rxg7 1-0

[Event "GER-chT Seniors 23rd"]
[Site "Bergen"]
[Date "2014.09.03"]
[Round "3.2"]
[White "Mueller, Joerg"]
[Black "Ljubarskij, Jurij"]
[Result "0-1"]
[WhiteElo "2130"]
[BlackElo "2258"]
[PlyCount "168"]
[EventDate "2014.09.01"]
[EventType "team-swiss"]
[EventRounds "7"]
[EventCountry "GER"]
[SourceTitle "EXT 2018"]
[Source "ChessBase"]
[SourceDate "2017.10.13"]
[SourceVersion "1"]
[SourceVersionDate "2017.10.13"]
[SourceQuality "1"]

1. e4 e5 2. Nf3 Nc6 3. Bb5 a6 4. Ba4 Nf6 5. d3 d6 6. c3 Be7 7. 0-0 0-0 8. Re1 Re8 9. Nbd2 Bf8 10. Nf1 h6 11. Ng3 g6 12. h3 Bg7 13. d4 b5 14. Bb3 Qe7 15. a4 Bd7 16. a5 Rab8 17. Bc2 Nd8 18. Be3 Nb7 19. Qd2 Kh7 20. d5 Rbc8 21. b3 c6 22. c4 bxc4 23. bxc4 cxd5 24. cxd5 Nc5 25. Bxc5 Rxc5 26. Bd3 Bb5 27. Rec1 Bxd3 28. Qxd3 Nxd5 29. Rxc5 Nb4 30. Qd1 dxc5 31. h4 Bf8 32. h5 Qe6 33. Qe2 Rd8 34. Rd1 Rxd1+ 35. Qxd1 c4 36. Qd8 Bd6 37. hxg6+ fxg6 38. Qb6 c3 39. Ne2 c2 40. Ne1 Qe7 41. Qe3 Qc7 42. Qd2 Be7 43. Nf3 Na2 44. Qd5 c1Q+ 45. Nxc1 Qxc1+ 46. Kh2 Qf4+ 47. Kg1 Nc3 48. Qc6 Nxe4 49. Qxa6 Qc1+ 50. Qf1 Qxf1+ 51. Kxf1 Nc5 52. Nxe5 Na6 53. Nc6 Bc5 54. f3 Kg7 55. Ke2 Kf6 56. f4 h5 57. Kf3 Kf5 58. g3 Nb4 59. Ne5 Bd6 60. Nc4 Bc5 61. Ne5 g5 62. Nd7 g4+ 63. Kg2 Bd6 64. Nb6 Bc7 65. Nc4 Ke4 66. Nd2+ Kd3 67. Nb3 Na6 68. Kf2 Kc3 69. Nc1 Bxa5 70. Ne2+ Kd3 71. f5 Bb6+ 72. Kf1 Bc7 73. f6 Nc5 74. f7 Ne6 75. Kf2 Ke4 76. Nc3+ Kf5 77. Nd5 Bd6 78. Nc3 Kg6 79. Ne4 Be7 80. Kg2 Kxf7 81. Nc3 Ng5 82. Nd5 Bd6 83. Nc3 Be5 84. Ne2 Ne4 0-1

[Event "GER-chT Seniors 23rd"]
[Site "Bergen"]
[Date "2014.09.01"]
[Round "1.2"]
[White "Mueller, Joerg"]
[Black "Felser, Franz"]
[Result "0-1"]
[WhiteElo "2130"]
[BlackElo "2044"]
[PlyCount "119"]
[EventDate "2014.09.01"]
[EventType "team-swiss"]
[EventRounds "7"]
[EventCountry "GER"]
[SourceTitle "EXT 2018"]
[Source "ChessBase"]
[SourceDate "2017.10.13"]
[SourceVersion "1"]
[SourceVersionDate "2017.10.13"]
[SourceQuality "1"]

1. e4 c5 2. Nf3 Nc6 3. c3 Nf6 4. Bd3 d6 5. h3 g6 6. 0-0 Bg7 7. Re1 0-0 8. Bf1 Qc7 9. Na3 a6 10. Nc2 b5 11. d4 cxd4 12. cxd4 d5 13. e5 Ne4 14. Ne3 e6 15. a3 Bb7 16. Ng4 Rac8 17. Bh6 Na5 18. b4 Nc4 19. Bxg7 Kxg7 20. Qc1 Ncd2 21. Qd1 Qc2 22. Qe2 h5 23. Ne3 Nxf3+ 24. Qxf3 Qb2 25. Bd3 f5 26. Bxe4 fxe4 27. Qg3 Qxd4 28. Rac1 Qd2 29. Rcd1 Qb2 30. Rb1 Qd4 31. Rec1 Qb6 32. Rxc8 Rxc8 33. Qg5 Qd8 34. Qxd8 Rxd8 35. Rc1 Rd7 36. Kf1 d4 37. Rd1 Kf7 38. Nc2 d3 39. Ne3 Bd5 40. Ke1 Bb3 41. Rd2 Ke7 42. f3 exf3 43. gxf3 Bc4 44. Kf2 Rd4 45. Ng2 g5 46. Ke3 Rd5 47. Ke4 Rd8 48. Ke3 Rf8 49. f4 Rf5 50. h4 gxf4+ 51. Nxf4 Rxe5+ 52. Kd4 Kd6 53. Kc3 Rf5 54. Ng2 Rf3 55. Ne1 Rg3 56. Rg2 Re3 57. Kd2 Rh3 58. Rg8 Rh2+ 59. Kc3 e5 60. Ng2 0-1

[Event "Hamburg St Pauli op-A"]
[Site "Hamburg"]
[Date "2014.07.23"]
[Round "5"]
[White "Stigar, Petter"]
[Black "Mueller, Joerg"]
[Result "1/2-1/2"]
[WhiteElo "2225"]
[BlackElo "2111"]
[PlyCount "22"]
[EventDate "2014.07.19"]
[EventType "swiss"]
[EventRounds "9"]
[EventCountry "GER"]
[SourceTitle "CBM 161 Extra"]
[Source "ChessBase"]
[SourceDate "2014.08.29"]
[SourceVersion "1"]
[SourceVersionDate "2014.08.29"]
[SourceQuality "1"]

1. Nf3 Nf6 2. c4 g6 3. g3 Bg7 4. Bg2 0-0 5. d4 d6 6. 0-0 Nbd7 7. Nc3 e5 8. e4 Re8 9. h3 exd4 10. Nxd4 Nc5 11. Re1 Bd7 1/2-1/2

[Event "Hamburg St Pauli op-A"]
[Site "Hamburg"]
[Date "2013.07.08"]
[Round "3"]
[White "Mueller, Joerg"]
[Black "Groetz, Harald"]
[Result "0-1"]
[WhiteElo "2146"]
[BlackElo "2319"]
[PlyCount "98"]
[EventDate "2013.07.06"]
[EventType "swiss"]
[EventRounds "9"]
[EventCountry "GER"]
[SourceTitle "CBM 155 Extra"]
[Source "ChessBase"]
[SourceDate "2013.08.26"]
[SourceVersion "1"]
[SourceVersionDate "2013.08.26"]
[SourceQuality "1"]

1. e4 c5 2. Nf3 d6 3. c3 Nf6 4. h3 Nc6 5. Bd3 g6 6. 0-0 Bg7 7. Re1 e5 8. Bf1 0-0 9. d4 Qc7 10. d5 Ne7 11. a4 h6 12. Nbd2 Nd7 13. Nc4 f5 14. exf5 gxf5 15. a5 Ng6 16. Nh2 Nf6 17. Ne3 Bd7 18. Bd3 e4 19. Bf1 Rae8 20. g3 Kh8 21. Ng2 Re5 22. c4 Re7 23. Nf4 Nxf4 24. Bxf4 Be8 25. Be2 Nd7 26. Qd2 Kh7 27. Rac1 Ne5 28. b4 b6 29. bxc5 bxc5 30. Rb1 Bd7 31. Rb3 Ng6 32. Be3 f4 33. gxf4 Bxh3 34. Reb1 Bc8 35. Kh1 Ref7 36. Bh5 Rf6 37. f5 Rxf5 38. Bg4 R5f7 39. Be6 Re7 40. Bxc8 Qxc8 41. Qe2 Ne5 42. Rg1 Nf3 43. Rg2 Qh3 44. Bd2 Rf6 45. Qf1 Rf5 46. Rb1 Rh5 47. Bf4 Be5 48. Qc1 Rh4 49. Qe3 Rxf4 0-1

[Event "Hamburg Seniors op 19th"]
[Site "Hamburg"]
[Date "2012.10.27"]
[Round "4"]
[White "Weiss, Siegfried"]
[Black "Mueller, Joerg"]
[Result "0-1"]
[WhiteElo "2005"]
[BlackElo "2092"]
[PlyCount "116"]
[EventDate "2012.10.24"]
[EventType "swiss"]
[EventRounds "9"]
[EventCountry "GER"]
[SourceTitle "EXT 2015"]
[Source "ChessBase"]
[SourceDate "2014.11.20"]
[SourceVersion "1"]
[SourceVersionDate "2014.11.20"]
[SourceQuality "1"]

1. c4 Nf6 2. Nc3 e6 3. Nf3 b6 4. e3 Bb7 5. Be2 Be7 6. 0-0 0-0 7. Qc2 a5 8. a3 d5 9. cxd5 exd5 10. d4 c6 11. b3 Bd6 12. Bb2 Re8 13. Bd3 Nbd7 14. Rfe1 c5 15. Nb5 Bb8 16. Rad1 a4 17. bxa4 c4 18. Bf5 g6 19. Bh3 Ne4 20. Bxd7 Qxd7 21. Ne5 Qe6 22. f3 f6 23. Nxg6 hxg6 24. fxe4 Qxe4 25. Qf2 f5 26. Nc3 Qe6 27. Bc1 Bc6 28. Qf3 Ra7 29. g3 Rd8 30. Rd2 Bxa4 31. Rg2 Bc6 32. Rf1 Rf7 33. Rgf2 Rdf8 34. Qd1 Qd7 35. Qc2 Kg7 36. Qb1 Bc7 37. Ne2 b5 38. Nf4 Bd6 39. h4 Rf6 40. Qc2 Qe8 41. Rg2 Qe4 42. Qd1 Bd7 43. Nh3 Qg4 44. Qxg4 fxg4 45. Rxf6 Rxf6 46. Nf4 Bc6 47. Kf1 Rf7 48. Ke1 Ra7 49. Ne6+ Kh7 50. Ng5+ Kg8 51. e4 dxe4 52. d5 Bxd5 53. Rd2 Bxg3+ 54. Kd1 Rd7 55. Nxe4 Bxh4 56. Bb2 Be7 57. Be5 Kf7 58. Bd6 Bxe4 0-1

[Event "Hamburg-ch MA"]
[Site "Hamburg"]
[Date "2012.06.03"]
[Round "9"]
[White "Weiss, Siegfried"]
[Black "Mueller, Joerg"]
[Result "0-1"]
[WhiteElo "2089"]
[BlackElo "2119"]
[PlyCount "89"]
[EventDate "2012.05.26"]
[EventType "swiss"]
[EventRounds "9"]
[EventCountry "GER"]
[SourceTitle "CBM 148 Extra"]
[Source "ChessBase"]
[SourceDate "2012.06.22"]
[SourceVersion "1"]
[SourceVersionDate "2012.06.22"]
[SourceQuality "1"]

1. b4 Nf6 2. Bb2 g6 3. c4 Bg7 4. d3 0-0 5. Nd2 d6 6. g3 e5 7. Bg2 Nbd7 8. Ngf3 Re8 9. Qc2 Nf8 10. 0-0 Ne6 11. e3 Nh5 12. c5 Bd7 13. Nc4 Bc6 14. Na5 Rb8 15. Rac1 Bb5 16. Rfd1 b6 17. cxb6 axb6 18. Nc6 Bxc6 19. Qxc6 b5 20. Qc2 Nf6 21. Nd2 c5 22. a3 Rc8 23. Qb1 Qb6 24. Nb3 Nd7 25. Na5 Rc7 26. Rc2 Rec8 27. Rdc1 Qa6 28. Bc3 Nb6 29. Be1 Bf8 30. h4 Be7 31. Bh3 e4 32. dxe4 c4 33. f4 Rd8 34. Bc3 Na4 35. f5 Nxc3 36. Rxc3 Nf8 37. fxg6 hxg6 38. e5 dxe5 39. Bg2 Qb6 40. Qe4 f5 41. Qb1 e4 42. g4 Bf6 43. gxf5 gxf5 44. R3c2 Qxe3+ 45. Kh1 0-1

[Event "Hamburg-ch MA"]
[Site "Hamburg"]
[Date "2012.05.29"]
[Round "4"]
[White "Mueller, Joerg"]
[Black "Schroeder, Christoph"]
[Result "0-1"]
[WhiteElo "2119"]
[BlackElo "2180"]
[PlyCount "40"]
[EventDate "2012.05.26"]
[EventType "swiss"]
[EventRounds "9"]
[EventCountry "GER"]
[SourceTitle "CBM 148 Extra"]
[Source "ChessBase"]
[SourceDate "2012.06.22"]
[SourceVersion "1"]
[SourceVersionDate "2012.06.22"]
[SourceQuality "1"]

1. e4 c5 2. Nf3 d6 3. d4 cxd4 4. Nxd4 Nf6 5. Nc3 g6 6. f3 Bg7 7. Be3 Nc6 8. Qd2 0-0 9. 0-0-0 d5 10. exd5 Nxd5 11. Nxd5 Qxd5 12. c4 Qd7 13. Nc2 Qc7 14. Kb1 Rd8 15. Qe1 Rxd1+ 16. Qxd1 Bf5 17. g4 Rd8 18. Qc1 Qe5 19. Be2 Bxc2+ 20. Kxc2 Nd4+ 0-1

[Event "Hamburg-ch Seniors 18th"]
[Site "Hamburg"]
[Date "2011.11.06"]
[Round "9"]
[White "Mueller, Joerg"]
[Black "Schulz, Hans Juergen"]
[Result "0-1"]
[WhiteElo "2105"]
[BlackElo "2024"]
[PlyCount "76"]
[EventDate "2011.10.29"]
[EventType "swiss"]
[EventRounds "9"]
[EventCountry "GER"]
[SourceTitle "EXT 2015"]
[Source "ChessBase"]
[SourceDate "2014.11.20"]
[SourceVersion "1"]
[SourceVersionDate "2014.11.20"]
[SourceQuality "1"]

1. e4 e5 2. Nf3 Nc6 3. Bb5 a6 4. Ba4 Nf6 5. d3 b5 6. Bb3 h6 7. c3 d5 8. Qe2 dxe4 9. dxe4 Bd6 10. 0-0 Bb7 11. Re1 Ne7 12. Bc2 Ng6 13. a4 Qd7 14. Na3 0-0 15. Bd2 c6 16. Red1 Rad8 17. Be3 Qe6 18. h3 Nh5 19. Rd2 Nhf4 20. Qd1 Bc7 21. Bc5 Rxd2 22. Qxd2 Rd8 23. Qe3 Nxg2 24. Ng5 hxg5 25. Kxg2 Nf4+ 26. Kh2 Ba5 27. Rg1 Nxh3 28. Rg3 Nf4 29. Qf3 Qh6+ 30. Kg1 g4 31. Qe3 g6 32. Be7 Re8 33. Qc5 Ne6 34. Qxc6 Rxe7 35. axb5 axb5 36. Qxb5 Ng5 37. Kf1 Nf3 38. Ke2 Qd2+ 0-1

[Event "Hamburg-ch Seniors 18th"]
[Site "Hamburg"]
[Date "2011.11.04"]
[Round "7"]
[White "Putzbach, Gerd"]
[Black "Mueller, Joerg"]
[Result "1-0"]
[WhiteElo "2234"]
[BlackElo "2105"]
[PlyCount "126"]
[EventDate "2011.10.29"]
[EventType "swiss"]
[EventRounds "9"]
[EventCountry "GER"]
[SourceTitle "EXT 2015"]
[Source "ChessBase"]
[SourceDate "2014.11.20"]
[SourceVersion "1"]
[SourceVersionDate "2014.11.20"]
[SourceQuality "1"]

1. e4 d6 2. d4 Nd7 3. f4 g6 4. Nf3 Bg7 5. Nc3 c6 6. Bc4 Nb6 7. Bb3 d5 8. e5 Bg4 9. h3 Bxf3 10. Qxf3 e6 11. Be3 h5 12. g4 Ne7 13. 0-0-0 Qd7 14. Ne2 0-0-0 15. Ng3 h4 16. Nf1 Kb8 17. Nd2 Rdf8 18. Qe2 Qc7 19. Nf3 Nd7 20. Qe1 c5 21. dxc5 Nxc5 22. Nxh4 Rc8 23. Bxc5 Qxc5 24. Nf3 Nc6 25. Kb1 Bh6 26. f5 gxf5 27. gxf5 Bf4 28. fxe6 fxe6 29. c3 Rh5 30. Nd4 Qe7 31. Qe2 Rxe5 32. Qg4 Nxd4 33. Qxf4 Nc6 34. Rde1 Rf8 35. Qg3 Qc7 36. Rxe5 Qxe5 37. Qxe5+ Nxe5 38. h4 Rf6 39. h5 Rh6 40. Kc2 Nd7 41. Kd2 Kc7 42. Bd1 Kd6 43. Rg1 a5 44. Rg7 b6 45. b4 axb4 46. cxb4 Nf6 47. Rg6 Rxg6 48. hxg6 Ke7 49. Bc2 Ne8 50. a4 Nd6 51. Bd3 Nc8 52. a5 bxa5 53. bxa5 e5 54. Bf5 Na7 55. Bd7 Kf6 56. Be8 Nc8 57. a6 Nb6 58. a7 Kg7 59. Kc3 Na8 60. Kb4 e4 61. Kc5 e3 62. Bb5 Kxg6 63. Kc6 Kf6 1-0

[Event "Hamburg-ch Seniors 18th"]
[Site "Hamburg"]
[Date "2011.11.01"]
[Round "4"]
[White "Bieberle, Gerhart"]
[Black "Mueller, Joerg"]
[Result "0-1"]
[WhiteElo "1906"]
[BlackElo "2105"]
[PlyCount "74"]
[EventDate "2011.10.29"]
[EventType "swiss"]
[EventRounds "9"]
[EventCountry "GER"]
[SourceTitle "EXT 2015"]
[Source "ChessBase"]
[SourceDate "2014.11.20"]
[SourceVersion "1"]
[SourceVersionDate "2014.11.20"]
[SourceQuality "1"]

1. d4 Nf6 2. c4 g6 3. Nc3 Bg7 4. e4 d6 5. Bd3 e5 6. d5 0-0 7. Nge2 Nbd7 8. h3 Ne8 9. Ng3 Nc5 10. Bc2 a5 11. Be3 b6 12. Bxc5 dxc5 13. 0-0 Nd6 14. b3 f5 15. Rb1 f4 16. Nh1 f3 17. Qd3 Qh4 18. Bd1 fxg2 19. Kxg2 Bd7 20. Qg3 Qe7 21. Bg4 Rf4 22. Bxd7 Qxd7 23. f3 a4 24. Nf2 axb3 25. axb3 Raf8 26. Nd3 Qe7 27. Rf2 Ra8 28. Nd1 Rff8 29. Ne3 Ra3 30. Ng4 Nf7 31. Qh2 h5 32. Ne3 Qg5+ 33. Ng4 hxg4 34. hxg4 Rfa8 35. Qh1 Qh6 36. Nb2 Qxh1+ 37. Kxh1 Rxb3 0-1

[Event "Hamburg-chT Landesliga 1011"]
[Site "Hamburg"]
[Date "2011.04.16"]
[Round "8.4"]
[White "Wronn, Bernd"]
[Black "Mueller, Joerg"]
[Result "0-1"]
[WhiteElo "2206"]
[BlackElo "2119"]
[PlyCount "128"]
[EventDate "2010.10.10"]
[EventType "team-tourn"]
[EventRounds "9"]
[EventCountry "GER"]
[SourceTitle "EXT 2022"]
[Source "ChessBase"]
[SourceDate "2021.10.06"]
[SourceVersion "1"]
[SourceVersionDate "2021.10.06"]
[SourceQuality "1"]
[WhiteTeam "St Pauli"]
[BlackTeam "Eidelstedt"]
[WhiteTeamCountry "GER"]
[BlackTeamCountry "GER"]

1. Nf3 Nf6 2. c4 g6 3. Nc3 Bg7 4. e4 d6 5. Be2 e5 6. d4 Nc6 7. d5 Ne7 8. 0-0 0-0 9. Ne1 Ne8 10. f3 f5 11. g4 f4 12. Nd3 Bf6 13. Bd2 h5 14. h3 Rf7 15. Kg2 Bh4 16. Be1 Bxe1 17. Qxe1 g5 18. c5 Ng6 19. Kf2 Nf6 20. Rg1 hxg4 21. hxg4 Rh7 22. Rh1 Nh4 23. Qg1 Bd7 24. Rc1 Qe7 25. cxd6 cxd6 26. Ke1 Qd8 27. Kd2 b5 28. Nb4 a5 29. Nc6 Bxc6 30. dxc6 d5 31. Nxb5 dxe4+ 32. Kc2 exf3 33. Bc4+ Kh8 34. Rd1 Qf8 35. c7 Re7 36. Qb6 Nxg4 37. Rd8 Re8 38. Rxa8 Rxa8 39. Kc1 Ne3 40. Be6 Kg7 41. Nd6 f2 42. Bh3 Qg8 43. Qb7 Kg6 44. Bf1 Rf8 45. Bd3+ Kh5 46. c8Q Rxc8+ 47. Nxc8 e4 48. Qxe4 Qxc8+ 49. Kb1 Qd7 50. Be2+ Ng4 51. Ka1 Kh6 52. Rf1 Nf6 53. Qh1 Qd4 54. Qc6 Kg6 55. Rd1 Qxd1+ 56. Bxd1 f1Q 57. Qc2+ Nf5 58. a3 g4 59. Ka2 Qb5 60. Be2 Qe5 61. b4 axb4 62. axb4 Nd5 63. Qc6+ Kg5 64. Kb3 Nd4+ 0-1

[Event "GER-chT Seniors 19th"]
[Site "Eckernfoerde"]
[Date "2010.09.19"]
[Round "7.3"]
[White "Hoeschele, Hans Ulrich"]
[Black "Mueller, Joerg"]
[Result "1-0"]
[WhiteElo "2055"]
[BlackElo "2011"]
[PlyCount "70"]
[EventDate "2010.09.13"]
[EventType "team-swiss"]
[EventRounds "7"]
[EventCountry "GER"]
[SourceTitle "EXT 2011"]
[Source "ChessBase"]
[SourceDate "2010.11.26"]
[SourceVersion "1"]
[SourceVersionDate "2010.11.26"]
[SourceQuality "1"]
[WhiteTeam "Wuerttemberg II"]
[BlackTeam "Hamburg"]
[WhiteTeamCountry "GER"]
[BlackTeamCountry "GER"]

1. c4 Nf6 2. d4 g6 3. Nc3 Bg7 4. e4 d6 5. f3 0-0 6. Be3 e5 7. d5 Ne8 8. Qd2 f5 9. Bg5 Nf6 10. Bd3 f4 11. 0-0-0 h6 12. Bxf6 Bxf6 13. Kb1 a6 14. g3 Nd7 15. Nge2 Bg7 16. Rdg1 Qf6 17. h4 Rf7 18. Rg2 fxg3 19. Rxg3 Nf8 20. Nd1 Bd7 21. Ne3 b5 22. h5 bxc4 23. hxg6 Nxg6 24. Bxc4 a5 25. Nc3 Rb8 26. Qh2 Kf8 27. Ncd1 a4 28. a3 Nf4 29. Ng4 Bxg4 30. fxg4 Qg6 31. Qc2 Bf6 32. Ne3 Bg5 33. Nf5 Ra8 34. Bb5 Rb8 35. Bc6 Rd8 1-0

[Event "GER-chT Seniors 19th"]
[Site "Eckernfoerde"]
[Date "2010.09.14"]
[Round "2.3"]
[White "Mueller, Joerg"]
[Black "Pusch, Hermann"]
[Result "1-0"]
[WhiteElo "2011"]
[BlackElo "1962"]
[PlyCount "121"]
[EventDate "2010.09.13"]
[EventType "team-swiss"]
[EventRounds "7"]
[EventCountry "GER"]
[SourceTitle "EXT 2011"]
[Source "ChessBase"]
[SourceDate "2010.11.26"]
[SourceVersion "1"]
[SourceVersionDate "2010.11.26"]
[SourceQuality "1"]
[WhiteTeam "Hamburg"]
[BlackTeam "Rheinland Pfalz"]
[WhiteTeamCountry "GER"]
[BlackTeamCountry "GER"]

1. e4 c5 2. Nf3 Nc6 3. c3 e5 4. Bb5 Qc7 5. 0-0 Nf6 6. Re1 Be7 7. d4 cxd4 8. cxd4 exd4 9. e5 Nd5 10. Nxd4 Nxd4 11. Qxd4 Qc5 12. Qxc5 Bxc5 13. a3 0-0 14. Rd1 Nc7 15. Ba4 Ne6 16. Nd2 d6 17. exd6 Bxd6 18. Nc4 Bc7 19. Be3 Rb8 20. Nd6 Bxd6 21. Rxd6 b6 22. Rad1 Bb7 23. Bb3 Nc5 24. Bxc5 bxc5 25. Bc4 Be4 26. R1d2 g6 27. f3 Ba8 28. Rd7 Bc6 29. Rxa7 Bb5 30. Bd5 Rbc8 31. a4 Bc6 32. Bc4 Ra8 33. Rxa8 Rxa8 34. b3 Kf8 35. Rd6 Rc8 36. Kf2 Ke7 37. Rd2 Ra8 38. Re2+ Kf6 39. f4 Rd8 40. g3 Rd4 41. a5 Rd1 42. a6 Ra1 43. Ke3 Ke7 44. Kd2+ Kd6 45. Kc3 f5 46. Kb2 Ra5 47. Re6+ Kd7 48. Rf6 Kc7 49. Rf7+ Kb6 50. Rxh7 Bb5 51. Rg7 Bxc4 52. bxc4 Kxa6 53. Rxg6+ Kb7 54. Rf6 Ra4 55. Kb3 Rb4+ 56. Kc3 Rb1 57. Rxf5 Kc6 58. Rf6+ Kd7 59. Rg6 Rh1 60. h4 Rh3 61. Kd3 1-0

[Event "Hamburg St Pauli op-A"]
[Site "Hamburg"]
[Date "2010.07.17"]
[Round "8"]
[White "Mueller, Joerg"]
[Black "Scholzen, Wolfgang"]
[Result "0-1"]
[WhiteElo "2124"]
[BlackElo "2059"]
[PlyCount "82"]
[EventDate "2010.07.10"]
[EventType "swiss"]
[EventRounds "9"]
[EventCountry "GER"]
[SourceTitle "EXT 2013"]
[Source "ChessBase"]
[SourceDate "2012.11.22"]
[SourceVersion "1"]
[SourceVersionDate "2012.11.22"]
[SourceQuality "1"]

1. e4 d6 2. d4 Nf6 3. Nc3 g6 4. f3 Bg7 5. Be3 0-0 6. Qd2 e5 7. 0-0-0 exd4 8. Bxd4 Nc6 9. Be3 a6 10. Kb1 b5 11. g4 Be6 12. h4 Ne5 13. Bg5 Qe8 14. h5 b4 15. Nd5 Bxd5 16. exd5 Qd7 17. Bh6 c6 18. Bxg7 Kxg7 19. hxg6 fxg6 20. dxc6 Qxc6 21. Rh2 Nf7 22. Bg2 Rac8 23. Ne2 Qc5 24. Nd4 Rfe8 25. f4 Nxg4 26. Rh4 Ne3 27. Bh3 Nxd1 28. Bxc8 Nc3+ 29. Ka1 Ne2 30. Nxe2 Rxe2 31. Qd1 Rg2 32. Rh1 Qxc8 33. Qd4+ Kg8 34. Qxb4 Rxc2 35. a3 Rc1+ 36. Rxc1 Qxc1+ 37. Ka2 d5 38. Qb8+ Kg7 39. a4 Qc4+ 40. b3 Qc2+ 41. Ka3 d4 0-1

[Event "Hamburg St Pauli op-A"]
[Site "Hamburg"]
[Date "2010.07.16"]
[Round "7"]
[White "Baucke, Gerrit"]
[Black "Mueller, Joerg"]
[Result "0-1"]
[WhiteElo "2007"]
[BlackElo "2124"]
[PlyCount "88"]
[EventDate "2010.07.10"]
[EventType "swiss"]
[EventRounds "9"]
[EventCountry "GER"]
[SourceTitle "EXT 2013"]
[Source "ChessBase"]
[SourceDate "2012.11.22"]
[SourceVersion "1"]
[SourceVersionDate "2012.11.22"]
[SourceQuality "1"]

1. Nc3 g6 2. h4 h5 3. e4 d6 4. d4 Bg7 5. Nf3 Nc6 6. Be3 Nh6 7. Ng5 Ng4 8. Qf3 0-0 9. 0-0-0 e5 10. d5 Ne7 11. Bc4 a6 12. Rdf1 b5 13. Bb3 Bd7 14. Qe2 b4 15. Nd1 Nc8 16. f3 Nf6 17. c4 bxc3 18. Nxc3 a5 19. Kb1 a4 20. Bc4 Rb8 21. Rc1 Nb6 22. Bb5 Qe8 23. Bxd7 Qxd7 24. Nd1 Rb7 25. Nf2 Rfb8 26. Rc6 Nbxd5 27. exd5 Nxd5 28. Rc2 Nxe3 29. Qxe3 e4 30. Nd1 exf3 31. Qxf3 d5 32. Rf1 c6 33. Qd3 Qg4 34. Rcf2 Rf8 35. Nc3 a3 36. b3 Qxh4 37. Nh3 Qb4 38. Rc2 Re8 39. Nf4 Rbe7 40. Nfxd5 cxd5 41. Nxd5 Re1+ 42. Rc1 Rxc1+ 43. Rxc1 Qd6 44. Nb4 Qxb4 0-1

[Event "Hamburg St Pauli op-A"]
[Site "Hamburg"]
[Date "2010.07.13"]
[Round "4"]
[White "Mueller, Joerg"]
[Black "Mueller Navarra, Sylvin"]
[Result "1-0"]
[WhiteElo "2124"]
[BlackElo "1975"]
[PlyCount "85"]
[EventDate "2010.07.10"]
[EventType "swiss"]
[EventRounds "9"]
[EventCountry "GER"]
[SourceTitle "EXT 2013"]
[Source "ChessBase"]
[SourceDate "2012.11.22"]
[SourceVersion "1"]
[SourceVersionDate "2012.11.22"]
[SourceQuality "1"]

1. e4 e6 2. d3 d5 3. Nd2 Nf6 4. Ngf3 b6 5. e5 Nfd7 6. d4 c5 7. c3 Nc6 8. a3 a5 9. Bb5 Qc7 10. Qe2 Na7 11. Bd3 c4 12. Bc2 b5 13. Ng5 Be7 14. Nh3 b4 15. axb4 axb4 16. 0-0 Nb6 17. Nf3 h6 18. Nf4 Bd7 19. Nh5 Bf8 20. h3 0-0-0 21. cxb4 g6 22. Nf6 Bxb4 23. Nxd7 Qxd7 24. b3 cxb3 25. Bxb3 Qb5 26. Qa2 Nc6 27. Be3 Kb7 28. Qc2 Rc8 29. Qd1 Ra8 30. Rb1 Qa5 31. Ne1 Bxe1 32. Rxe1 h5 33. Re2 Qa3 34. Reb2 Ra6 35. Qf3 Qe7 36. Ba4 Rb8 37. Bb5 Ra3 38. Qd1 Na7 39. Be2 Nac8 40. Bd2 Qd7 41. Bb5 Qd8 42. Bb4 Ra7 43. Rc1 1-0